A marriage made in heaven-- or, too tired for an affair / (Record no. 28165)

MARC details
000 -LEADER
fixed length control field 00872cam a2200277 a 4500
001 - CONTROL NUMBER
control field 28017802
003 - CONTROL NUMBER IDENTIFIER
control field OCoLC
005 - DATE AND TIME OF LATEST TRANSACTION
control field 20230613201752.0
008 - FIXED-LENGTH DATA ELEMENTS--GENERAL INFORMATION
fixed length control field 921224s1993 nyu 000 0 eng
010 ## - LIBRARY OF CONGRESS CONTROL NUMBER
LC control number 92056207
020 ## - INTERNATIONAL STANDARD BOOK NUMBER
International Standard Book Number 0060183225 :
020 ## - INTERNATIONAL STANDARD BOOK NUMBER
International Standard Book Number 9780060183226
040 ## - CATALOGING SOURCE
Original cataloging agency DLC
Transcribing agency DLC
Modifying agency COD
041 ## - LANGUAGE CODE
Language code of text/sound track or separate title eng
050 00 - LIBRARY OF CONGRESS CALL NUMBER
Classification number PS3552.O59
Item number M37 1993
050 00 - LIBRARY OF CONGRESS CALL NUMBER
Classification number PS3552.O59
Item number M37 1993
100 1# - MAIN ENTRY--PERSONAL NAME
Personal name Bombeck, Erma.
Authority record control number http://id.loc.gov/authorities/names/n79089071
245 12 - TITLE STATEMENT
Title A marriage made in heaven-- or, too tired for an affair /
Statement of responsibility, etc. Erma Bombeck.
260 ## - PUBLICATION, DISTRIBUTION, ETC. (IMPRINT)
Place of publication, distribution, etc. New York, NY :
Name of publisher, distributor, etc. HarperCollins,
Date of publication, distribution, etc. c1993.
300 ## - PHYSICAL DESCRIPTION
Extent ix, 256 pages ;
Dimensions 24 cm.
336 ## - CONTENT TYPE
Content type term text
Content type code txt
Source rdacontent.
337 ## - MEDIA TYPE
Media type term unmediated
Media type code n
Source rdamedia.
338 ## - CARRIER TYPE
Carrier type term volume
Carrier type code nc
Source rdacarrier.
650 #0 - SUBJECT ADDED ENTRY--TOPICAL TERM
Topical term or geographic name as entry element Marriage
Form subdivision Humor.
Authority record control number http://id.loc.gov/authorities/subjects/sh2008107261.
942 ## - ADDED ENTRY ELEMENTS (KOHA)
Koha item type Libro/Book
Holdings
Withdrawn status Lost status Damaged status Not for loan Home library Current library Shelving location Date acquired Inventory number Total Checkouts Full call number Barcode Date last seen Date checked out Price effective from Koha item type
        San Juan Del Sur -- Biblioteca San Juan Del Sur -- Biblioteca English 13/06/2023 Inventory date: 15-5-25 1 NF 30023132 05/01/2024 11/12/2023 13/06/2023 Libro/Book

Powered by Koha